दुर्गदुर्गेश्वर रायगड (Record no. 394067)

MARC details
000 -LEADER
fixed length control field 00506nam a2200157Ia 4500
008 - FIXED-LENGTH DATA ELEMENTS--GENERAL INFORMATION
fixed length control field 100122s9999 xx 000 0 und d
082 ## - DEWEY DECIMAL CLASSIFICATION NUMBER
Item number 77106
Classification number 623.19
100 ## - MAIN ENTRY--PERSONAL NAME
Personal name घाणेकर प्र के
245 ## - TITLE STATEMENT
Title दुर्गदुर्गेश्वर रायगड
250 ## - EDITION STATEMENT
Edition statement 1
260 ## - PUBLICATION, DISTRIBUTION, ETC. (IMPRINT)
Date of publication, distribution, etc 2009
300 ## - PHYSICAL DESCRIPTION
Extent 356
630 ## - SUBJECT ADDED ENTRY--UNIFORM TITLE
Uniform title दुर्गदुर्गेश्वर रायगड
730 ## - ADDED ENTRY--UNIFORM TITLE
Uniform title दुर्गदुर्गेश्वर रायगड
942 ## - ADDED ENTRY ELEMENTS (KOHA)
Koha item type Book
Holdings
Withdrawn status Lost status Damaged status Not for loan Home library Current library Shelving location Date acquired Cost, normal purchase price Total Checkouts Full call number Barcode Date last seen Cost, replacement price Price effective from Koha item type Public note
        S.V. Pathak Library, Vile Parle S.V. Pathak Library, Vile Parle   09/09/2009 350.00   77106 SVPPARLE-77106 01/25/2010 350.00 01/25/2010 Book ", , ,"